000 00714nam a22002297a 4500
999 _c64846
_d64846
005 20240530110754.0
008 181224s2017 ua g 00| f ara d
017 _a2017/11812
_bمصر. دار الكتب
020 _a9789770934289
040 _aEG-CaGPL
_cEG-CaGPL
082 0 4 _221
_a813.03 /
_bأ ض
100 0 _aاشرف الخماسى
245 1 0 _aضارب الطبل /
_cاشرف الخماسى
250 _aط.1
260 _aالقاهرة :
_bدار الشروق ،
_c2017.
300 _a292 ص. ؛
_c19 سم.
650 0 7 _2qrmak
_aالادب العربى
650 0 7 _2qrmak
_aالقصص العربية
651 _2qrmak
942 _2ddc
_cBK